| 000 | 00569pam a2200217 a 4500 | ||
|---|---|---|---|
| 001 | 2387266 | ||
| 005 | 20180116035714.0 | ||
| 008 | 850816s1985 ohua b 001 0 eng | ||
| 010 | _a 85020221 | ||
| 020 |
_a0898791863 (pbk.) : _c$6.95 |
||
| 040 |
_aDLC _cDLC _dDLC |
||
| 041 | _aeng | ||
| 080 | _a640 FUL | ||
| 082 | 0 | 0 |
_a640 FUL _219 |
| 100 | 1 | _a46 | |
| 101 | _aEDU | ||
| 245 | 1 | 0 |
_aIt's here-- somewhere! / _cAlice Fulton and Pauline Hatch. |
| 504 | _aBibliography: p. [174]-175. | ||
| 906 |
_a7 _bcbc _corignew _d1 _eocip _f19 _gy-gencatlg |
||
| 942 |
_2ddc _cBK |
||
| 999 |
_c40341 _d40341 |
||